header

Multimedia semantics (Record no. 225871)

MARC details
000 -LEADER
fixed length control field 01528nam a2200409 a 4500
082 04 - DEWEY DECIMAL CLASSIFICATION NUMBER
Classification number 006.7
100 1# - MAIN ENTRY--AUTHOR NAME
Personal name Troncy, Raphael.
245 10 - TITLE STATEMENT
Title Multimedia semantics
260 ## - PUBLICATION, DISTRIBUTION, ETC. (IMPRINT)
Place of publication Chichester, West Sussex, U.K. ;
-- Hoboken, N.J. :
Name of publisher Wiley,
Year of publication c2011.
300 ## - PHYSICAL DESCRIPTION
Number of Pages xxii, 305 p. :
Other physical details ill.
650 #0 - SUBJECT ADDED ENTRY--TOPICAL TERM
Topical Term Multimedia systems.
Topical Term Semantic computing.
Topical Term Information retrieval.
Topical Term Database searching.
Topical Term Metadata.
700 1# - ADDED ENTRY--PERSONAL NAME
Personal name Huet, Benoit.
Personal name Schenk, Simon.
856 40 - ELECTRONIC LOCATION AND ACCESS
Uniform Resource Identifier http://site.ebrary.com/lib/rucke/Doc?id=10488497

No items available.

© 2026 Rongo University
Contact us: librarian | system librarian | Rongo university